Tolerance of west Indian manatees to capture and handling (Registro nro. 9659)

Detalles MARC
000 -CABECERA
Campo de control 006840000a22002170004500
090 ## - CLASIFICACIÓN LOCAL
Colección AR
Consecutivo 00567
041 0# - IDIOMA
Código de idioma para texto/pista de sonido o título separado
100 1# - ASIENTO PRINCIPAL--NOMBRE PERSONAL
Nombre personal O'Shea, Thomas J.
245 10 - MENCION DE TITULO
Título Tolerance of west Indian manatees to capture and handling
650 14 - ASIENTO SECUNDARIO DE MATERIA - TERMINO TEMATICO
Término temático o nombre geográfico como elemento de entrada Mamíferos acuáticos
650 14 - ASIENTO SECUNDARIO DE MATERIA - TERMINO TEMATICO
Término temático o nombre geográfico como elemento de entrada Especies en extinción
650 14 - ASIENTO SECUNDARIO DE MATERIA - TERMINO TEMATICO
Término temático o nombre geográfico como elemento de entrada Estres animal
650 14 - ASIENTO SECUNDARIO DE MATERIA - TERMINO TEMATICO
Término temático o nombre geográfico como elemento de entrada Captura de fauna
651 #4 - ASIENTO SECUNDARIO DE MATERIA - NOMBRE GEOGRAFICO
-- Estados Unidos
653 ## - TERMINO DE INDIZACION - NO CONTROLADO
-- Trichechus
-- Trichechus manatus
-- manati
700 1# - ASIENTO SECUNDARIO - NOMBRE PERSONAL
Nombre personal Rathbun, Galen B.
700 1# - ASIENTO SECUNDARIO - NOMBRE PERSONAL
Nombre personal Asper, Edward D.
700 1# - ASIENTO SECUNDARIO - NOMBRE PERSONAL
Nombre personal Searles, Stan W.
773 1# - Item fuente:
Título Biological Conservation
Especificación de materiales 147
Paginas del Articulo 335-349
Lugar, editorial y fecha de publicación 1985
942 ## - ELEMENTOS ADICIONALES (KOHA)
Tipo de ítem Artículo
Existencias
Withdrawn status Lost status Damaged status No para préstamo Colección Ubicación Permanente Ubicación actual Fecha de adquisición Fuente de Valor Datos de publicación Seriada Total Checkouts Número topográfico Inventario / Código de Barras Date last seen Ejemplar Price effective from Forma de adquisición Tipo de material
      No para Préstamo Hemeroteca Bogotá Bogotá 27/02/2015 Instituto de Ciencias Naturales Fuera de circulación   AR 00567 010879 25/03/2015 1 25/03/2015   Artículo